| 000 | 00827nam a2200277Ia 4500 | ||
|---|---|---|---|
| 001 | Para_5627 | ||
| 003 | CHAP | ||
| 008 | 220125s2001 xx 000 0 und d | ||
| 010 | _a204037 | ||
| 040 | _cCHAP | ||
| 082 | _aPA 338.9723 R7 | ||
| 100 | 1 |
_aRomero Peñaloza, Jorge _999647 |
|
| 245 |
_aAgricultura, población y deterioro de recursos naturales en Michoacán / _c por Jorge Romero Peñaloza [y otros] |
||
| 260 |
_aChapingo, Méx. : _b UACh |
||
| 300 | _a352 p. | ||
| 650 |
_aAgricultura _x Michoacán _91743 |
||
| 650 |
_aPoblación _x Michoacán _9170073 |
||
| 650 |
_aRecursos naturales _x Michoacán _995298 |
||
| 901 | _aPA 338.9723 R7 | ||
| 902 | _aA | ||
| 905 | _a0000002001 bin 0000000000 00 | ||
| 910 | _a2001 | ||
| 942 | _cPARA | ||
| 942 |
_cPARA _d1 |
||
| 999 |
_c204037 _d204037 |
||